000 00424nam a2200205Ia 4500
001 12713
003 GE_BSU
008 181216s||||||||xx |||||||||||||| ||und||
020 _a9780752881300
040 _cGE_BSU
080 _a821.111-31
100 _aBagshawe,Tilly
245 _aShowdown
260 _aLondon
260 _bOrion Books
260 _c2007
300 _a519p.20cm.
653 _aShowdown
942 _cBK
999 _c45884
_d45884